Tunnista elokuva - Statistics

Yleistilastot
  • Tätä visaa on pelattu 250 kertaa
  • Keskiarvotulos 6 / 8
Vastaustilastot
Hint Vastaus % Oikein
Laiva uppoaa Titanic
99%
Hämähäkki antaa teinipojalle supervoimia Hämähäkkimies / Spider-Man
94%
Dinosaurukset heräävät henkiin Jurassic Park
93%
Jedit yrittävät kaataa pahan Imperiumin Tähtien Sota / Star Wars
93%
Jatkosodasta kertova kotimainen elokuva Tuntematon sotilas
90%
Sormus täytyy tuhota Taru sormusten herrasta / The Lord of The Rings
88%
Hölmön mutta hyväsydämisen miehen elämäntarina Forrest Gump
60%
Syytön tuomitaan murhasta pahamaineiseen vankilaan Rita Hayworth - Avain pakoon / Shawshank Redemption
23%
Ehtoja vastaavia visoja ei löytynyt
Tulosjakauma
Jokaisen tuloksen saaneiden osuus
Persentiili vastausten määrän mukaan
Tuloshistoriasi
Et ole pelannut tätä visaa